000 00740nam a2200205Ia 4500
003 GCL
008 140319s9999 xx 000 0 ara d
040 _aGCL /
_cGCL
082 0 4 _a327.56940174927
_bم ن
100 1 _aمجدى حماد
245 1 0 _aنحو استراتيجية وخطة عمل للصراع العربى - الصهيونى /
_cمجدى حماد
250 _aالاولى
260 _aالقاهرة :
_bمركز دراسات الوحدة العربية ،
_c2000
300 _a203 ص ؛
_c24 سم
490 _aالذخائر
_v62 -63
650 0 4 _aالنزاع العربى الاسرائيلى
650 0 4 _aالقضية الفلسطينية
650 0 4 _aالمقاومة الفلسطينية
942 _2ddc
_cBK
999 _c6029
_d6029